Vládce hlubin
| Main Author: | |
|---|---|
| Format: | Book |
| Language: | Undetermined |
| PhysicalDescription: | 320 s. |
| Published: |
Praha
Jos. R. Vilímek
1926
|
MARC
| LEADER | 00000nam a2200000 a 4500 | ||
|---|---|---|---|
| 001 | vtls001379259 | ||
| 003 | SK-MaSNL | ||
| 005 | 20260301161335.0 | ||
| 008 | 240313s1926 xx 0 und | ||
| 035 | |a SNK000333229 | ||
| 040 | |a SNK |b slo |c SNK |e AACR2 | ||
| 100 | 1 | |a Laurie, André, |d 1844-1909 |4 aut |9 214946 | |
| 245 | 1 | |a Vládce hlubin | |
| 260 | |a Praha |b Jos. R. Vilímek |c 1926 | ||
| 300 | |a 320 s. | ||
| 999 | |c 809054 |d 810984 | ||
| 952 | |t P60, <05>, [BOOK], {605} |a SNK |b SNK |y PREZ |7 0 |p 17A0221592 |o snkID 12172 |0 0 |1 0 |4 0 |d 1999-12-13 |l 0 |r 2005-01-02 00:00:00 |w 2026-02-24 | ||


